000 01268cad a22002175a 4500
001 L143392
008 080501s2008 xxkd f s 000 0 eng d
035 _a(Sirsi) u143392
041 0 _aeng
050 0 4 _a332.6324 $2 18
110 2 _aInvestment Property Databank
_92288
245 0 0 _aIPD UK residential investment index 2007
_h[electronic resource]
260 _aLondon
_bIPD
_c2008
520 _aThe seventh year of results shows that the UK residential investment market made a small increase during 2007 to deliver 17% returns. This strong performance was driven mainly by capital growth. The slowing of the owner occupier market in the fourth quarter had only a small effect on the year's figures. Total returns for the year were over 20% ahead of the failing commercial market. Growth in the residential market was also much higher than both equities and bonds.
590 _aKA NTK
650 2 4 _aIPD UK RESIDENTIAL INVESTMENT INDEX
651 4 _aUnited Kingdom
_y
690 _aPROPERTY-RESIDENTIAL PROPERTY-RESIDENTIAL PROPERTY FINANCE AND INVESTMENT
856 4 0 _uhttps://www.cluttons.com/clientUpload/researchIssue/IPD%20Residential%20Investment%20Index%20-%20results%20for%202007.pdf
_zView the item free of charge at www.cluttons.com
942 _n0
999 _c108139
_d108139